=LDR 00000nam 2200000 4500 =001 INLIS000000000025366 =005 20130612123901 =008 ***********************************Ind** =035 ##$$0010-061300000025366 =041 ##$$a Ind =082 ##$$a 746.44 =090 ##$$a 746.44, Hid k =100 ##$$a Hidayat, Mei =245 ##$$a Kreasi patchwork dan Quiliting, Mei Hidayat =260 ##$$a 2003 $b Jakarta =300 ##$$a 52 hlm, ilus, 23 cm =650 ##$$a Sulaman =850 ##$$a NBPNMAT